Analýza vývoja cien bytov v Bratislavskom kraji diplomová práca

Gespeichert in:
Bibliographische Detailangaben
1. Verfasser: Vagač, Juraj
Körperschaft: Ekonomická univerzita v Bratislave. Fakulta podnikového manažmentu
Weitere Verfasser: Kubica, Milan, 1958-
Format: Buch
Sprache:Slowakisch
Veröffentlicht: Bratislava 2010
Tags: Tag hinzufügen
Keine Tags, Fügen Sie das erste Tag hinzu!

MARC

LEADER 00000nam a2200000 4500
001 0122461
005 20240318121817.0
041 0 |a slo 
044 |a SK 
245 1 0 |a Analýza vývoja cien bytov v Bratislavskom kraji  |b diplomová práca  |c Juraj Vagač ; škol. Milan Kubica 
264 1 |a Bratislava  |c 2010 
300 |a 88 s. 
100 1 |a Vagač, Juraj 
700 1 |a Kubica, Milan, 1958- 
710 2 |a Ekonomická univerzita v Bratislave. Fakulta podnikového manažmentu